Normal view
MARC view
- james-e-brady
Entry Personal Name
001 - CONTROL NUMBER
- control field: 127581
003 - CONTROL NUMBER IDENTIFIER
- control field: NUST
005 - DATE AND TIME OF LATEST TRANSACTION
- control field: 20250115100347.0
008 - FIXED-LENGTH DATA ELEMENTS
- fixed length control field: 250115|| aca||aabn | a|a d
040 ## - CATALOGING SOURCE
- Original cataloging agency: NUST
- Transcribing agency: NUST
100 ## - HEADING--PERSONAL NAME
- Personal name: james-e-brady
670 ## - SOURCE DATA FOUND
- Source citation: Work cat.: (NUST): james-e-brady, chemistry, 2000.
